[Event "NATO-ch 33rd"]
[Site "Portoroz"]
[Date "2023.09.07"]
[Round "5"]
[White "Pazeriene, Diana"]
[Black "Kersic, Matej"]
[Result "1-0"]
[WhiteElo "1955"]
[BlackElo "2091"]
[PlyCount "59"]
[EventDate "2023.09.04"]
[EventType "swiss"]
[EventRounds "7"]
[EventCountry "SLO"]
[SourceTitle "EXT 2024"]
[Source "ChessBase"]
[SourceDate "2023.10.10"]
[SourceVersion "1"]
[SourceVersionDate "2023.10.10"]
[SourceQuality "1"]

1. d4 Nf6 2. c4 e6 3. Nf3 b6 4. Nc3 Bb7 5. Bg5 Be7 6. e3 h6 7. Bxf6 Bxf6 8. Bd3 d5 9. cxd5 exd5 10. Qb3 c6 11. 0-0 0-0 12. Rad1 Na6 13. Rfe1 Nc7 14. e4 dxe4 15. Nxe4 Nd5 16. Nxf6+ Qxf6 17. Ne5 Rfd8 18. Be4 Qd6 19. Qf3 Rf8 20. h4 Rad8 21. Qf5 Nf6 22. Bc2 Bc8 23. Qf3 Nd5 24. g4 f5 25. g5 f4 26. Ng6 Rfe8 27. gxh6 gxh6 28. Qh5 Kg7 29. Ne5 Qf6 30. Kh1 1-0

[Event "Portoroz op 14th"]
[Site "Portoroz"]
[Date "2023.07.19"]
[Round "6"]
[White "Kersic, Matej"]
[Black "Danicic, Anze"]
[Result "1-0"]
[WhiteElo "2058"]
[BlackElo "1136"]
[PlyCount "79"]
[EventDate "2023.07.15"]
[EventType "swiss"]
[EventRounds "9"]
[EventCountry "SLO"]
[SourceTitle "CBM 215 Extra"]
[Source "ChessBase"]
[SourceDate "2023.09.30"]
[SourceVersion "1"]
[SourceVersionDate "2023.09.30"]
[SourceQuality "1"]

1. e4 c5 2. Nf3 Nc6 3. d4 cxd4 4. Nxd4 g6 5. Nc3 Bg7 6. Nb3 Nf6 7. Be2 0-0 8. 0-0 d6 9. Re1 Be6 10. Bf1 d5 11. exd5 Nxd5 12. Nxd5 Qxd5 13. c3 Rfd8 14. Qxd5 Bxd5 15. Be3 e5 16. f3 f5 17. Rad1 Bf8 18. Rxd5 Rxd5 19. Bc4 Rad8 20. Rd1 Ne7 21. Bxa7 Kg7 22. Bxd5 Nxd5 23. Bc5 b5 24. Bxf8+ Kxf8 25. Nc5 Ke7 26. a4 bxa4 27. Nxa4 Ra8 28. Rxd5 Rxa4 29. Rxe5+ Kd6 30. Rb5 Kc6 31. Rb8 Kc5 32. g3 Ra1+ 33. Kf2 g5 34. h4 gxh4 35. gxh4 f4 36. Ke2 Rh1 37. Kd3 Rxh4 38. b4+ Kc6 39. Rf8 Kd5 40. Rf5+ 1-0

[Event "St Veit op 42nd"]
[Site "St Veit"]
[Date "2023.07.13"]
[Round "7"]
[White "Hechl, Fabian"]
[Black "Kersic, Matej"]
[Result "1-0"]
[WhiteElo "2032"]
[BlackElo "2058"]
[PlyCount "113"]
[EventDate "2023.07.08"]
[EventType "swiss"]
[EventRounds "9"]
[EventCountry "AUT"]
[SourceTitle "CBM 215 Extra"]
[Source "ChessBase"]
[SourceDate "2023.09.30"]
[SourceVersion "1"]
[SourceVersionDate "2023.09.30"]
[SourceQuality "1"]

1. e4 c5 2. Nf3 d6 3. Nc3 Nf6 4. e5 dxe5 5. Nxe5 Nbd7 6. d4 e6 7. Bb5 a6 8. Bxd7+ Bxd7 9. Be3 Qc7 10. Qf3 Rd8 11. Ne4 Be7 12. Bg5 Bc6 13. Nxc6 Qxc6 14. Bxf6 Bxf6 15. Nxf6+ gxf6 16. Qxc6+ bxc6 17. dxc5 Rd5 18. b4 Re5+ 19. Kd2 Ke7 20. Rad1 a5 21. a3 axb4 22. axb4 Ra8 23. Rhe1 Rh5 24. h3 Rg5 25. g3 h5 26. Ra1 Rd8+ 27. Kc3 Rf5 28. Re2 Rf3+ 29. Kc4 h4 30. Ra7+ Rd7 31. Rxd7+ Kxd7 32. gxh4 Rxh3 33. Re4 f5 34. Rf4 Kc7 35. c3 Kb7 36. Kb3 Kc7 37. Kb2 Kb7 38. c4 Kc7 39. b5 Rd3 40. Kc2 Ra3 41. b6+ Kc8 42. Kb2 Rd3 43. Kc2 Ra3 44. h5 Rh3 45. Rd4 Rxh5 46. Rd6 Kb7 47. Rd7+ Kb8 48. Rc7 Rh2 49. Rxc6 Rxf2+ 50. Kc3 f4 51. Rd6 Rh2 52. c6 Rh8 53. c7+ Kc8 54. Kb4 f3 55. Kc5 f2 56. Kc6 f1N 57. b7# 1-0

[Event "Nova Gorica op 27th"]
[Site "Nova Gorica"]
[Date "2023.03.23"]
[Round "9"]
[White "Bartolome Martin, Angel"]
[Black "Kersic, Matej"]
[Result "1-0"]
[WhiteElo "1735"]
[BlackElo "2091"]
[PlyCount "29"]
[EventDate "2023.03.16"]
[EventType "swiss"]
[EventRounds "9"]
[EventCountry "SLO"]
[SourceTitle "CBM 213 Extra"]
[Source "ChessBase"]
[SourceDate "2023.05.31"]
[SourceVersion "1"]
[SourceVersionDate "2023.05.31"]
[SourceQuality "1"]

1. e4 c5 2. Nf3 d6 3. Bb5+ Nd7 4. 0-0 a6 5. Bxd7+ Bxd7 6. d4 cxd4 7. Qxd4 Nf6 8. Nc3 e6 9. Rd1 Qc7 10. Bf4 e5 11. Nxe5 dxe5 12. Bxe5 Qc6 13. Bxf6 gxf6 14. Nd5 0-0-0 15. Qa7 1-0

[Event "SLO-chT1 West"]
[Site "Slovenia"]
[Date "2022.10.22"]
[Round "8.3"]
[White "Kersic, Matej"]
[Black "Mazi, Leon"]
[Result "0-1"]
[WhiteElo "2085"]
[BlackElo "2344"]
[PlyCount "76"]
[EventDate "2022.10.07"]
[EventType "team-tourn"]
[EventRounds "9"]
[EventCountry "SLO"]
[SourceTitle "EXT 2024"]
[Source "ChessBase"]
[SourceDate "2023.10.10"]
[SourceVersion "1"]
[SourceVersionDate "2023.10.10"]
[SourceQuality "1"]
[WhiteTeam "Kranj Stari Mayr"]
[BlackTeam "Kranj Tomo Zupan"]
[WhiteTeamCountry "SLO"]
[BlackTeamCountry "SLO"]

1. e4 c5 2. Nf3 Nc6 3. d4 cxd4 4. Nxd4 Qb6 5. Nb3 Nf6 6. Nc3 e6 7. Be3 Qc7 8. a3 a6 9. f4 d6 10. g4 h6 11. Bg2 b5 12. h3 Rb8 13. 0-0 Be7 14. Qe2 Nd7 15. Na2 g5 16. Nb4 gxf4 17. Nxc6 Qxc6 18. Bxf4 Ne5 19. c3 Bd7 20. Nd2 Bg5 21. Bg3 Ng6 22. Rad1 e5 23. Kh1 Be6 24. Rf2 Qc5 25. Rf3 Nf4 26. Bxf4 Bxf4 27. Nf1 h5 28. gxh5 Bc4 29. Qe1 Rxh5 30. Ng3 Rh7 31. Nf5 Rd8 32. Qg1 Qxg1+ 33. Kxg1 Be2 34. Rff1 Bxd1 35. Rxd1 Bg5 36. Rxd6 Rxd6 37. Nxd6+ Kd7 38. Nf5 Bc1 0-1

[Event "NATO-ch 31st"]
[Site "Blankenberge"]
[Date "2021.10.14"]
[Round "6.19"]
[White "Moga, Christoph"]
[Black "Kersic, Matej"]
[Result "0-1"]
[WhiteElo "1921"]
[BlackElo "2079"]
[PlyCount "64"]
[EventDate "2021.10.11"]
[EventType "team-swiss"]
[EventRounds "7"]
[EventCountry "BEL"]
[SourceTitle "CBM 204 Extra"]
[Source "ChessBase"]
[SourceDate "2021.11.30"]
[SourceVersion "1"]
[SourceVersionDate "2021.11.30"]
[SourceQuality "1"]
[WhiteTeam "Belgium"]
[BlackTeam "Slovenia"]
[WhiteTeamCountry "BEL"]
[BlackTeamCountry "SLO"]

1. e4 c5 2. d3 Nc6 3. f4 e6 4. Nf3 d5 5. Be2 Bd6 6. 0-0 Nge7 7. Nc3 0-0 8. h3 a6 9. a4 b6 10. Qe1 Nd4 11. Bd1 Nxf3+ 12. Bxf3 Bb7 13. Qh4 Bc7 14. Ne2 Ng6 15. Qf2 Nh4 16. f5 Nxf3+ 17. Qxf3 dxe4 18. Qg4 exf5 19. Rxf5 Bc8 20. Bh6 g6 21. Raf1 Bxf5 22. Rxf5 exd3 23. cxd3 Qxd3 24. Rf1 f5 25. Qh4 Bd8 26. Qf2 Re8 27. Re1 Bf6 28. Kh1 Rad8 29. Nc3 Rxe1+ 30. Qxe1 Bxc3 31. Qe6+ Kh8 32. bxc3 Qd1+ 0-1

[Event "NATO-ch 31st"]
[Site "Blankenberge"]
[Date "2021.10.12"]
[Round "3.19"]
[White "Kersic, Matej"]
[Black "Middaugh, Jon S"]
[Result "1-0"]
[WhiteElo "2079"]
[BlackElo "1899"]
[PlyCount "139"]
[EventDate "2021.10.11"]
[EventType "team-swiss"]
[EventRounds "7"]
[EventCountry "BEL"]
[SourceTitle "CBM 204 Extra"]
[Source "ChessBase"]
[SourceDate "2021.11.30"]
[SourceVersion "1"]
[SourceVersionDate "2021.11.30"]
[SourceQuality "1"]
[WhiteTeam "Slovenia"]
[BlackTeam "NATO II"]
[WhiteTeamCountry "SLO"]

1. e4 e6 2. d4 d5 3. Nc3 Bb4 4. exd5 exd5 5. Bd3 Ne7 6. Qf3 Nbc6 7. Nge2 Be6 8. a3 Ba5 9. 0-0 Qd7 10. Na4 Bb6 11. Nxb6 axb6 12. c3 0-0-0 13. b4 Rde8 14. h3 h6 15. Nf4 Bf5 16. Bd2 Bxd3 17. Nxd3 Qf5 18. Qg3 Qg6 19. Qxg6 Nxg6 20. Rfe1 Kd7 21. Kf1 Re7 22. f3 Rhe8 23. Rxe7+ Ncxe7 24. a4 Nf5 25. Kf2 Nd6 26. Nb2 Ra8 27. g4 f6 28. Kg3 Re8 29. Re1 Rxe1 30. Bxe1 Ke6 31. Bd2 Ke7 32. h4 Nh8 33. h5 Nhf7 34. Bf4 Kd7 35. Kf2 Kc6 36. Ke2 Kd7 37. Nd1 Nc4 38. Ne3 Nxe3 39. Kxe3 Nd8 40. b5 Ne6 41. Bg3 Ke7 42. f4 Kd7 43. Kd3 Nd8 44. c4 dxc4+ 45. Kxc4 Nf7 46. Be1 Nd6+ 47. Kd3 Ke6 48. Bb4 Ne8 49. Ke4 f5+ 50. gxf5+ Kf7 51. Ke5 Nf6 52. d5 Nxh5 53. d6 cxd6+ 54. Kxd6 Nxf4 55. Bd2 Nd3 56. Kc7 h5 57. Bg5 Nb2 58. Kxb6 Nxa4+ 59. Kxb7 Ke8 60. Kc6 Kf7 61. b6 Nxb6 62. Kxb6 Ke8 63. Kc6 Kf7 64. Kd6 Kf8 65. Ke5 Ke8 66. Ke6 Kf8 67. Be7+ Kg8 68. Bh4 Kf8 69. Ke5 Kg8 70. Kf4 1-0

[Event "NATO-ch 31st"]
[Site "Blankenberge"]
[Date "2021.10.11"]
[Round "1.26"]
[White "Kersic, Matej"]
[Black "Allmann, Lauri"]
[Result "1-0"]
[WhiteElo "2079"]
[BlackElo "1794"]
[PlyCount "51"]
[EventDate "2021.10.11"]
[EventType "team-swiss"]
[EventRounds "7"]
[EventCountry "BEL"]
[SourceTitle "CBM 204 Extra"]
[Source "ChessBase"]
[SourceDate "2021.11.30"]
[SourceVersion "1"]
[SourceVersionDate "2021.11.30"]
[SourceQuality "1"]
[WhiteTeam "Slovenia"]
[BlackTeam "Estonia"]
[WhiteTeamCountry "SLO"]
[BlackTeamCountry "EST"]

1. e4 e5 2. Nf3 d6 3. d4 exd4 4. Nxd4 g6 5. Nc3 Bg7 6. Bc4 Nc6 7. Be3 Nxd4 8. Bxd4 Bxd4 9. Qxd4 Qf6 10. Qd2 Ne7 11. 0-0-0 a6 12. e5 Qh4 13. exd6 cxd6 14. Bb3 0-0 15. g3 Qb4 16. a3 Qa5 17. Qxd6 Nf5 18. Qf4 b6 19. g4 Ng7 20. Nd5 Ne6 21. Qh6 f6 22. Nxf6+ Kf7 23. Nxh7 Re8 24. Ng5+ Kf6 25. Ne4+ Ke5 26. Rhe1 1-0

[Event "SLO-chT 31st"]
[Site "Ljubljana"]
[Date "2021.09.10"]
[Round "1.4"]
[White "Kersic, Matej"]
[Black "Acimovic, Vasja"]
[Result "1/2-1/2"]
[WhiteElo "2114"]
[BlackElo "2210"]
[PlyCount "67"]
[EventDate "2021.09.10"]
[EventType "team-tourn"]
[EventRounds "9"]
[EventCountry "SLO"]
[SourceTitle "CBM 204 Extra"]
[Source "ChessBase"]
[SourceDate "2021.11.30"]
[SourceVersion "1"]
[SourceVersionDate "2021.11.30"]
[SourceQuality "1"]
[WhiteTeam "Kranj Stari Mayr"]
[BlackTeam "Kocevje Inotherm"]
[WhiteTeamCountry "SLO"]
[BlackTeamCountry "SLO"]

1. e4 c5 2. Nf3 Nc6 3. d4 cxd4 4. Nxd4 Nf6 5. Nc3 e5 6. Ndb5 d6 7. Bg5 a6 8. Na3 b5 9. Nd5 Be7 10. Bxf6 Bxf6 11. c3 Bg5 12. Nc2 Rb8 13. g3 0-0 14. Bg2 Be6 15. 0-0 a5 16. a3 Ne7 17. Nce3 Bxe3 18. Nxe3 Qb6 19. Qd3 Rfd8 20. Rfd1 Qc5 21. Rac1 Rbc8 22. h4 h6 23. Qe2 Bb3 24. Rd2 Be6 25. Bf3 b4 26. axb4 axb4 27. Bg4 Bxg4 28. Qxg4 bxc3 29. bxc3 Qa3 30. Qd1 Rxc3 31. Rxc3 Qxc3 32. Rxd6 Rxd6 33. Qxd6 Nc6 34. Kg2 1/2-1/2

[Event "Portoroz Nat Festival 30th"]
[Site "Portoroz"]
[Date "2020.09.09"]
[Round "9"]
[White "Zupancic, Jernej"]
[Black "Kersic, Matej"]
[Result "1-0"]
[WhiteElo "2262"]
[BlackElo "2087"]
[PlyCount "107"]
[EventDate "2020.09.03"]
[EventType "swiss"]
[EventRounds "9"]
[EventCountry "SLO"]
[SourceTitle "CBM 198 Extra"]
[Source "ChessBase"]
[SourceDate "2020.11.30"]
[SourceVersion "1"]
[SourceVersionDate "2020.11.30"]
[SourceQuality "1"]

1. d4 d5 2. c4 c6 3. Nf3 Nf6 4. g3 dxc4 5. Bg2 Nbd7 6. a4 a5 7. Qc2 Nb6 8. e4 Bg4 9. Be3 Bxf3 10. Bxf3 e6 11. 0-0 Bb4 12. Rd1 0-0 13. Nd2 Rc8 14. Nxc4 Nxc4 15. Qxc4 Qd7 16. h4 Rfe8 17. g4 Qe7 18. g5 Nd7 19. Bg4 c5 20. Qb5 cxd4 21. Rxd4 Nf8 22. Rd3 Bc5 23. Bf4 b6 24. Rad1 Qb7 25. Re1 Red8 26. Kg2 Qa8 27. f3 Rxd3 28. Qxd3 Rd8 29. Qc2 Ng6 30. Bg3 e5 31. h5 Nf4+ 32. Bxf4 exf4 33. g6 Qc6 34. gxf7+ Kxf7 35. e5 Qd5 36. Qf5+ Kg8 37. Qxf4 Qd2+ 38. Qxd2 Rxd2+ 39. Kh3 Kf8 40. Bf5 h6 41. b3 Ke7 42. Bh7 Bf2 43. Rf1 Bd4 44. Re1 Bf2 45. Re4 Rd4 46. Re2 Rh4+ 47. Kg2 Bd4 48. Bg6 Ke6 49. Kg3 Rh1 50. f4 Rd1 51. Kf3 Bc5 52. Bh7 Rh1 53. Bg8+ Ke7 54. Kg4 1-0

[Event "Portoroz Nat Festival 30th"]
[Site "Portoroz"]
[Date "2020.09.06"]
[Round "6"]
[White "Kersic, Matej"]
[Black "Bajo, Tin"]
[Result "1-0"]
[WhiteElo "2087"]
[BlackElo "2039"]
[PlyCount "117"]
[EventDate "2020.09.03"]
[EventType "swiss"]
[EventRounds "9"]
[EventCountry "SLO"]
[SourceTitle "CBM 198 Extra"]
[Source "ChessBase"]
[SourceDate "2020.11.30"]
[SourceVersion "1"]
[SourceVersionDate "2020.11.30"]
[SourceQuality "1"]

1. e4 e5 2. Nf3 Nc6 3. Bb5 a6 4. Ba4 Nf6 5. 0-0 Be7 6. Re1 b5 7. Bb3 0-0 8. h3 Bb7 9. d3 d6 10. Bd2 Re8 11. a4 b4 12. c3 bxc3 13. Bxc3 Rf8 14. Nbd2 Rb8 15. Bc4 h6 16. Rb1 Nh7 17. b4 Bf6 18. b5 axb5 19. axb5 Ne7 20. Qc2 Ng6 21. d4 exd4 22. Nxd4 Nf4 23. Bf1 Ng5 24. Nc6 Bxc6 25. bxc6 Bxc3 26. Rxb8 Qxb8 27. Qxc3 Nge6 28. Rb1 Qa8 29. g3 Ng6 30. Ra1 Qb8 31. Bc4 Nc5 32. Bd5 Re8 33. Kg2 h5 34. Rb1 Qa8 35. Qf3 Ne6 36. Bxe6 Rxe6 37. Rb7 Qa5 38. Rb8+ Nf8 39. Qd3 Rf6 40. Nf3 Qc5 41. Nd4 g6 42. Rc8 Qb6 43. Qe3 Kg7 44. Nf5+ gxf5 45. Qxb6 cxb6 46. Rxf8 Kxf8 47. c7 fxe4 48. c8Q+ Kg7 49. Qc6 Re6 50. Qxb6 Kg6 51. Qe3 Re5 52. Kf1 Kg7 53. Ke2 Rd5 54. Kf1 Re5 55. Qd4 f6 56. Qxd6 Kg6 57. Ke2 Kf5 58. Ke3 Re6 59. g4+ 1-0

[Event "Portoroz Nat Festival 30th"]
[Site "Portoroz"]
[Date "2020.09.04"]
[Round "2"]
[White "Kersic, Matej"]
[Black "Jelen, Igor"]
[Result "1/2-1/2"]
[WhiteElo "2087"]
[BlackElo "2334"]
[PlyCount "100"]
[EventDate "2020.09.03"]
[EventType "swiss"]
[EventRounds "9"]
[EventCountry "SLO"]
[SourceTitle "CBM 198 Extra"]
[Source "ChessBase"]
[SourceDate "2020.11.30"]
[SourceVersion "1"]
[SourceVersionDate "2020.11.30"]
[SourceQuality "1"]

1. e4 c5 2. Nf3 Nc6 3. d4 cxd4 4. Nxd4 Nf6 5. Nc3 e5 6. Ndb5 d6 7. Bg5 a6 8. Na3 b5 9. Nd5 Be7 10. Bxf6 Bxf6 11. c3 Bg5 12. Nc2 0-0 13. a4 bxa4 14. Rxa4 a5 15. Bc4 Rb8 16. b3 Kh8 17. Nce3 g6 18. 0-0 f5 19. Be2 Bd7 20. exf5 gxf5 21. Nc4 Be6 22. b4 axb4 23. Nxb4 Nxb4 24. Rxb4 Rxb4 25. cxb4 Be7 26. b5 Qc7 27. Qa4 d5 28. b6 Qb8 29. Qc6 Bg8 30. Na5 Bd8 31. Rb1 Rf6 32. Qxf6+ Bxf6 33. b7 e4 34. Nc6 Qc7 35. b8Q Qxc6 36. Bb5 Qe6 37. Be2 Be5 38. Qd8 Bf6 39. Qb6 Qxb6 40. Rxb6 Kg7 41. Rc6 Kf7 42. Kf1 Ke7 43. Ba6 Bf7 44. f3 Be5 45. h3 d4 46. Ke2 Bf4 47. g4 Bd5 48. Rc5 Kd6 49. Rxd5+ Kxd5 50. gxf5 exf3+ 1/2-1/2

[Event "Nova Gorica op 25th"]
[Site "Nova Gorica"]
[Date "2020.01.30"]
[Round "9"]
[White "Kersic, Matej"]
[Black "Pirs, Matjaz1111"]
[Result "1/2-1/2"]
[WhiteElo "2145"]
[BlackElo "1956"]
[PlyCount "65"]
[EventDate "2020.01.24"]
[EventType "swiss"]
[EventRounds "9"]
[EventCountry "SLO"]
[SourceTitle "CBM 194"]
[Source "ChessBase"]
[SourceDate "2020.01.27"]
[SourceVersion "1"]
[SourceVersionDate "2020.01.27"]
[SourceQuality "1"]

1. e4 d6 2. d4 Nf6 3. Nc3 g6 4. f4 Bg7 5. Nf3 c5 6. d5 0-0 7. Be2 e6 8. dxe6 Bxe6 9. 0-0 Nc6 10. Kh1 Bg4 11. h3 Bxf3 12. Bxf3 Nd4 13. Be3 Ne8 14. Nd5 Nc7 15. Nxc7 Qxc7 16. Bxd4 Bxd4 17. c3 Bg7 18. Qd5 Rfe8 19. Rad1 Rad8 20. Rd2 Bf6 21. Rfd1 b5 22. g3 a5 23. a3 Qb6 24. Kg2 b4 25. Qc4 bxc3 26. bxc3 Be7 27. a4 Rb8 28. Be2 Qb3 29. Qxb3 Rxb3 30. Bb5 Rb8 31. Rd3 Rb2+ 32. R1d2 Rxd2+ 33. Rxd2 1/2-1/2

[Event "Nova Gorica op 25th"]
[Site "Nova Gorica"]
[Date "2020.01.25"]
[Round "3"]
[White "Kersic, Matej"]
[Black "Mohar, Martin"]
[Result "1/2-1/2"]
[WhiteElo "2145"]
[BlackElo "1688"]
[PlyCount "54"]
[EventDate "2020.01.24"]
[EventType "swiss"]
[EventRounds "9"]
[EventCountry "SLO"]
[SourceTitle "CBM 194"]
[Source "ChessBase"]
[SourceDate "2020.01.27"]
[SourceVersion "1"]
[SourceVersionDate "2020.01.27"]
[SourceQuality "1"]

1. e4 c5 2. Nf3 Nc6 3. d4 cxd4 4. Nxd4 e5 5. Nb5 d6 6. N1c3 a6 7. Na3 b5 8. Nd5 Nge7 9. Nxe7 Bxe7 10. Bd3 d5 11. 0-0 d4 12. Nb1 0-0 13. a4 b4 14. Nd2 Bg5 15. Nc4 Bxc1 16. Rxc1 Be6 17. f4 exf4 18. Rxf4 Qg5 19. g3 Ne5 20. Qe2 Bg4 21. Qd2 Ng6 22. Rf2 Qc5 23. b3 a5 24. Re1 Rae8 25. Kg2 Be6 26. Rfe2 Bg4 27. Rf2 Be6 1/2-1/2

[Event "NATO-ch 30th"]
[Site "Berlin"]
[Date "2019.09.19"]
[Round "6.9"]
[White "Lakos, Nikoletta"]
[Black "Kersic, Matej"]
[Result "1/2-1/2"]
[WhiteElo "2226"]
[BlackElo "2122"]
[PlyCount "73"]
[EventDate "2019.09.14"]
[EventType "team-swiss"]
[EventRounds "7"]
[EventCountry "GER"]
[SourceTitle "EXT 2020"]
[Source "ChessBase"]
[SourceDate "2019.10.17"]
[SourceVersion "1"]
[SourceVersionDate "2019.10.17"]
[SourceQuality "1"]
[WhiteTeam "Hungary"]
[BlackTeam "Slovenia"]
[WhiteTeamCountry "HUN"]
[BlackTeamCountry "SLO"]

1. e4 c5 2. b3 d6 3. Bb2 Nc6 4. Bb5 Bd7 5. Nf3 e6 6. 0-0 Nf6 7. Re1 Be7 8. c4 0-0 9. Nc3 e5 10. Nd5 a6 11. Bxc6 bxc6 12. Nxe7+ Qxe7 13. d3 Bg4 14. h3 Bxf3 15. Qxf3 Ne8 16. Qe3 Nc7 17. f4 exf4 18. Qxf4 Ne6 19. Qg3 f6 20. Qf2 Rfe8 21. Bc3 Rab8 22. Rab1 Rb7 23. Rb2 Ng5 24. a3 Reb8 25. b4 Nf7 26. Reb1 Ne5 27. Qe2 Qe6 28. bxc5 Rxb2 29. Rxb2 Rxb2 30. Qxb2 dxc5 31. Bxe5 Qxe5 32. Qxe5 fxe5 33. Kf2 Kf7 34. Kf3 g5 35. g4 a5 36. a4 h6 37. Kg3 1/2-1/2

[Event "Nova Gorica op 24th"]
[Site "Nova Gorica"]
[Date "2019.01.30"]
[Round "8"]
[White "Kersic, Matej"]
[Black "Kobal, Sasa"]
[Result "0-1"]
[WhiteElo "2123"]
[BlackElo "2002"]
[PlyCount "90"]
[EventDate "2019.01.25"]
[EventType "swiss"]
[EventRounds "9"]
[EventCountry "SLO"]
[SourceTitle "CBM 188 Extra"]
[Source "ChessBase"]
[SourceDate "2019.02.26"]
[SourceVersion "1"]
[SourceVersionDate "2019.02.26"]
[SourceQuality "1"]

1. e4 b6 2. d4 Bb7 3. Bd3 Nf6 4. Nd2 Nc6 5. c3 e5 6. d5 Ne7 7. Ne2 Ng6 8. 0-0 c6 9. c4 Bd6 10. Nf3 0-0 11. Ng3 Re8 12. Nf5 Bf8 13. Re1 Qc7 14. Bg5 Nh5 15. g3 h6 16. Bd2 Nf6 17. Rc1 a5 18. h3 Bc5 19. Be3 Bxe3 20. Nxe3 Rac8 21. Qd2 Ba6 22. Nf5 Qb8 23. Ne3 cxd5 24. Nxd5 Nxd5 25. cxd5 Bxd3 26. Qxd3 b5 27. Nd2 Qb6 28. b3 Rc5 29. Rc3 Rec8 30. Rec1 Ne7 31. Kg2 f5 32. f3 d6 33. a3 f4 34. g4 Ng6 35. Nb1 Nh4+ 36. Kf1 Kf7 37. b4 Rc4 38. bxa5 Qxa5 39. Rxc4 Rxc4 40. Rxc4 bxc4 41. Qxc4 Nxf3 42. Qb4 Qa6+ 43. Kf2 Qd3 44. Qc3 Qxb1 45. Qc7+ Kg6 0-1

[Event "Nova Gorica op 24th"]
[Site "Nova Gorica"]
[Date "2019.01.25"]
[Round "1"]
[White "Bratkovic, Jakob"]
[Black "Kersic, Matej"]
[Result "1-0"]
[WhiteElo "2345"]
[BlackElo "2123"]
[PlyCount "29"]
[EventDate "2019.01.25"]
[EventType "swiss"]
[EventRounds "9"]
[EventCountry "SLO"]
[SourceTitle "CBM 188 Extra"]
[Source "ChessBase"]
[SourceDate "2019.02.26"]
[SourceVersion "1"]
[SourceVersionDate "2019.02.26"]
[SourceQuality "1"]

1. e4 c5 2. Nf3 d6 3. d4 cxd4 4. Nxd4 Nf6 5. Nc3 a6 6. Bg5 e6 7. f4 Be7 8. Qf3 h6 9. Bh4 Qc7 10. 0-0-0 Nbd7 11. Kb1 Rb8 12. Bg3 b5 13. e5 dxe5 14. fxe5 b4 15. exf6 1-0

[Event "Otocec Krka Terme op"]
[Site "Otocec"]
[Date "2018.12.29"]
[Round "9"]
[White "Kersic, Matej"]
[Black "Tisaj, Domen"]
[Result "1/2-1/2"]
[WhiteElo "2138"]
[BlackElo "2100"]
[PlyCount "65"]
[EventDate "2018.12.25"]
[EventType "swiss"]
[EventRounds "9"]
[EventCountry "SLO"]
[SourceTitle "EXT 2020"]
[Source "ChessBase"]
[SourceDate "2019.10.17"]
[SourceVersion "1"]
[SourceVersionDate "2019.10.17"]
[SourceQuality "1"]

1. e4 c5 2. Nf3 Nc6 3. d4 cxd4 4. Nxd4 e5 5. Nb5 d6 6. N1c3 a6 7. Na3 Be7 8. Nc4 b5 9. Ne3 Nf6 10. Bd3 0-0 11. 0-0 Rb8 12. Ncd5 Nxd5 13. Nxd5 Bg5 14. c3 Bxc1 15. Rxc1 Be6 16. Bc2 Rc8 17. Bb3 Na5 18. Ne3 Nc4 19. Bxc4 Bxc4 20. Re1 Be6 21. Qd2 Qb6 22. Red1 Rfd8 23. Nd5 Bxd5 24. Qxd5 Rc5 25. Qd3 Qc6 26. f3 a5 27. Qe3 d5 28. exd5 Rcxd5 29. Rxd5 Qxd5 30. Re1 f6 31. a3 a4 32. Kf2 Kf7 33. Re2 1/2-1/2

[Event "Otocec Krka Terme op"]
[Site "Otocec"]
[Date "2018.12.28"]
[Round "8"]
[White "Brinovec, David"]
[Black "Kersic, Matej"]
[Result "1/2-1/2"]
[WhiteElo "2223"]
[BlackElo "2138"]
[PlyCount "117"]
[EventDate "2018.12.25"]
[EventType "swiss"]
[EventRounds "9"]
[EventCountry "SLO"]
[SourceTitle "EXT 2020"]
[Source "ChessBase"]
[SourceDate "2019.10.17"]
[SourceVersion "1"]
[SourceVersionDate "2019.10.17"]
[SourceQuality "1"]

1. e4 c5 2. c3 d5 3. exd5 Qxd5 4. d4 Nf6 5. Nf3 e6 6. Na3 Nc6 7. Be3 cxd4 8. Nb5 Qd8 9. Nbxd4 Nxd4 10. Bxd4 Be7 11. Bd3 0-0 12. Qe2 Qa5 13. 0-0 Qh5 14. a4 b6 15. a5 Bb7 16. axb6 axb6 17. Nd2 Qd5 18. f3 Bc5 19. Bxc5 Qxc5+ 20. Qf2 Rad8 21. Qxc5 bxc5 22. Nb3 Rxd3 23. Nxc5 Rd2 24. Nxb7 Rxb2 25. Rab1 Rxb1 26. Rxb1 g6 27. c4 Rc8 28. c5 Rc7 29. Kf2 Nd5 30. Rb5 Kf8 31. Nd6 Ke7 32. h4 f5 33. Ra5 Nf4 34. Nc4 Nd3+ 35. Ke3 Nxc5 36. Ne5 Nd7 37. Nxd7 Rxd7 38. Ra6 h6 39. Ra8 Kf7 40. Rh8 Kg7 41. Re8 Rd6 42. Kf4 Kf7 43. Rh8 Rd4+ 44. Ke5 Rd5+ 45. Kf4 e5+ 46. Ke3 Kg7 47. Ra8 Rd7 48. Re8 Kf6 49. Rf8+ Rf7 50. Rh8 h5 51. Ra8 Re7 52. g3 Re6 53. f4 e4 54. Rf8+ Ke7 55. Ra8 Rd6 56. Ke2 Ke6 57. Ra5 Rb6 58. Kf2 Rb2+ 59. Kf1 1/2-1/2